|
|
|
|
| LEADER |
00000nab a2200000 a 4500 |
| 001 |
vtls000339622 |
| 003 |
SK-MaSNL |
| 005 |
20260303164209.0 |
| 008 |
230313c1988 xo 0 slo |
| 015 |
|
|
|a SNBRB19rr/mm-uuuuu
|
| 035 |
|
|
|a CL0339744
|
| 035 |
|
|
|a urn:nbn:sk:snk-abbis6
|
| 035 |
|
|
|a (urnnbn)urn:nbn:sk:snk:ar-000384
|
| 035 |
|
|
|a (uuid)d24d14e5-56b3-4d19-8ec0-ecbb9f2dbb4c
|
| 040 |
|
|
|a SNKBUCL
|b slo
|c SNKBUCL
|e AACR2
|
| 041 |
0 |
|
|a slo
|
| 044 |
|
|
|a xo
|c SK
|
| 080 |
|
|
|a 82.0:82-1/-9
|2 1981
|
| 080 |
|
|
|a 82-1/-9
|2 1981
|
| 080 |
|
|
|a 82
|2 1981
|
| 080 |
|
|
|a 061.3
|2 1981
|
| 100 |
1 |
|
|a Kováčik, Marián,
|d 1940-2004
|4 aut
|9 73651
|
| 245 |
1 |
0 |
|a Súčasná básnická skladba a jej podobnosti s vývojom prózy
|c Marián Kováčik
|
| 500 |
|
|
|a Londýn ,87.
|
| 650 |
0 |
7 |
|a skladba básnická
|2 snkbucl
|9 1189533
|
| 650 |
0 |
7 |
|a Sympózium o súčasnom slovenskom románe
|2 snkbucl
|9 943550
|
| 655 |
|
7 |
|a články z novín a časopisov
|2 snkbucl
|9 267496
|
| 773 |
0 |
|
|t Romboid
|g Č. 11 (1988), s. 56-60
|
| 850 |
|
|
|a Slovenská národná knižnica v Martine
|a MTA001
|
| 852 |
|
|
|a SNK
|b KIS3GCP
|
| 958 |
|
|
|a OND
|
| 958 |
|
|
|a RK
|
| 958 |
|
|
|a LX
|
| 958 |
|
|
|a EUIPO
|
| 958 |
|
|
|a article15
|
| 992 |
|
|
|a RBX
|
| 999 |
|
|
|c 2063921
|d 2065851
|